000 00201 a2200097 4500
001 4475
100 _aHall,D.J
245 _aRadar aid to navigation
260 _a
_bMcgrawhill
_c
090 _c3673
_d3673
942 _aNUST-CAE
_cM
_c29702
999 _c239548
_d239548